00611nam a2200181Ia 4500008004100000082001300041100001500054245004000069250000800109260003200117300001200149500002400161650001400185942000700199952010300206952010300309999001700412230524s9999 xx 000 0 und d a530bTAN aO.P.Tandon 0aInorganic Chemistry for Competition a7TH aNEW DELHIbG.R.Bathlac2006 aXII;861 aQuantity Number: 2 aChemistry cBK 00104070aTATCLbTATCLcGENd2023-05-24l0o530 TANp11634r2023-05-24w2023-05-24yBKzBSCP2201 00104070aTATCLbTATCLcGENd2023-05-24l0o530 TANp11635r2023-05-24w2023-05-24yBKzBSCP2201 c35487d35487